00717nam a22002177a 450000500170000001000150001702000260003203500130005803700130007108200080008410000230009224500790011526000370019427000540023130000230028550000190030870000100032794200220033799900170035995201230037620100816141711.0 aENG-100694 c450.00a9788190834407 aEN-84227 bDBAD/PUB a920 aKaul, Suman914092 aJammu and Kashmir women contribution in post independence /cby Suman Kaul aDelhi bSuman Publicationsc2009 a370-D, J & K Pocket, DishadgardenbDelhi e110095 a218 p. b20cm (Hb) aIncludes index 914037 2ddccENh920mKAU c42191d42191 001040718NFICaDBADbDBADd2010-08-16g450.00l0o920 KAUpEN-84227r2010-08-16 00:00:00t1v450.00w2010-08-16yEN